Zásady štátnej politiky Slovenskej republiky v oblasti informatizácie
Na minha lista:
| Autor principal: | |
|---|---|
| Outros Autores: | |
| Formato: | Livro |
| Idioma: | eslovaco |
| Publicado em: |
Bratislava
VUSEI-AR
1991
|
| Edição: | 1. vyd. |
| Tags: |
Sem tags, seja o primeiro a adicionar uma tag!
|
MARC
| LEADER | 00000nam a2200000 4500 | ||
|---|---|---|---|
| 001 | c032833 | ||
| 005 | 20251110125057.0 | ||
| 041 | 0 | |a slo | |
| 044 | |a SK | ||
| 245 | 1 | 0 | |a Zásady štátnej politiky Slovenskej republiky v oblasti informatizácie |c A. Klas, M. Kubinská |
| 250 | |a 1. vyd. | ||
| 264 | 1 | |a Bratislava |b VUSEI-AR |c 1991 | |
| 300 | |a 34 s. | ||
| 100 | 1 | |a Klas, A. | |
| 700 | 1 | |a Kubinská, M. | |